000 00392cam a2200169ua 4500
020 _c6/-
041 _aeng
_h
082 _a332.1
_bDEW/EC
100 _aDewett, K K .
245 _aEconomic for bankers /
_cK K Dewett.
_hTextual Documents
260 _aDelhi :
_bPremier pub co ,
_c1951.
300 _a317 ; .
365 _a6/-
504 _a
942 _cBK
999 _c2255
_d2255